000 00342nam a2200109Ia 4500
008 221009s9999 xx 000 0 und d
082 _a741.642 BOOK
100 _aव्‍यास सत्‍यनारायण
_954996
245 0 _aरामायण की विभूतिया
260 _bकिताब महल
942 _cBK
999 _c64593
_d64593